1984 Terminology - Statistics

General Stats
  • This quiz has been taken 26 times
  • The average score is 6 of 20
Answer Stats
Hint Answer % Correct
Leader of the Party Big Brother
100%
The alternative to standard English Newspeak
67%
Shorthand for the above BB
58%
English Socialism, the Party's ideology Ingsoc
58%
Accepting two conflicting beliefs as truth Doublethink
54%
Standard English, opposite of the above Oldspeak
54%
Thinking in ways you're not supposed to Thoughtcrime
50%
Replacement for "bad" Ungood
42%
Video device used for surveillance Telescreen
29%
To quack like a duck Duckspeak
21%
Facial expression showing one committed the above Facecrime
8%
The Ministry of Love Miniluv
8%
The Ministry of Peace Minipax
8%
The Ministry of Truth Minitrue
8%
Person executed and erased from history Unperson
8%
Artificial insemination Artsem
4%
Labor camp Joycamp
0%
Something reported that contradicts the Party Malreport
0%
The Ministry of Plenty Miniplenty
0%
Thought police Thinkpol
0%
No matching quizzes found
Score Distribution
Percent of People with Each Score
Percentile by Number Answered
Your Score History
You have not taken this quiz